000 00405pab a2200157 454500
008 180718b2013 xxu||||| |||| 00| 0 eng d
100 _aGupta, Abhay
245 _aEstimating direct gains in consumer welfare in telecommunications sector
260 _c2013
300 _ap.119-138.
362 _aJun
650 _aConsumers
773 _aJournal of Consumer Policy
908 _aN
909 _a101310
999 _c101309
_d101309